Network planning and management: (Record no. 35451)

MARC details
000 -LEADER
fixed length control field 00737nam a22002057a 4500
005 - DATE AND TIME OF LATEST TRANSACTION
control field 20100427150843.0
008 - FIXED-LENGTH DATA ELEMENTS--GENERAL INFORMATION
fixed length control field 100427t xxu||||| |||| 00| 0 eng d
020 ## - INTERNATIONAL STANDARD BOOK NUMBER
International Standard Book Number 8120326873
Terms of availability 195.00
020 ## - INTERNATIONAL STANDARD BOOK NUMBER
International Standard Book Number 9788120326873
Terms of availability 195.00
035 ## - SYSTEM CONTROL NUMBER
System control number B-181990
037 ## - SOURCE OF ACQUISITION
Source of stock number/acquisition Reference
040 ## - CATALOGING SOURCE
Original cataloging agency DPL
082 ## - DEWEY DECIMAL CLASSIFICATION NUMBER
Classification number 005.754
245 ## - TITLE STATEMENT
Title Network planning and management:
Remainder of title principles and practice/
260 ## - PUBLICATION, DISTRIBUTION, ETC. (IMPRINT)
Place of publication, distribution, etc New Delhi
Name of publisher, distributor, etc Prentice Hall of India
Date of publication, distribution, etc 2005
270 ## - ADDRESS
Address M-97, Cannaught Circus,New Delhi.
City New Delhi
Postal code 110001
300 ## - PHYSICAL DESCRIPTION
Extent xi,206p.;
Dimensions 24cm.(Pbk)
942 ## - ADDED ENTRY ELEMENTS (KOHA)
Source of classification or shelving scheme Dewey Decimal Classification
Item type English Books
Classification part 005.754
Call number suffix NET
Holdings
Withdrawn status Lost status Source of classification or shelving scheme Damaged status Not for loan Collection code Home library Current library Date acquired Cost, normal purchase price Total Checkouts Full call number Barcode Date last seen Copy number Cost, replacement price Koha item type
    Dewey Decimal Classification   Not For Loan Non-fiction Central Library Central Library 27/04/2010 195.00   005.754 NET B-181990 27/04/2010 1 195.00 English Books

© Delhi Public Library
Hit Counter
free hit counter